The best practice for coastal adaptation planning (Record no. 116196)

MARC details
000 -LEADER
fixed length control field 01346cad a22002535a 4500
001 - CONTROL NUMBER
control field L160079
008 - FIXED-LENGTH DATA ELEMENTS--GENERAL INFORMATION
fixed length control field 120529s2010 xxk g 000 0 eng d
035 ## - SYSTEM CONTROL NUMBER
System control number (Sirsi) u160079
041 0# - LANGUAGE CODE
Language code of text/sound track or separate title eng
110 ## - MAIN ENTRY--CORPORATE NAME
Corporate name or jurisdiction name as entry element Federation International Des Geometres
111 2# - MAIN ENTRY--MEETING NAME
Meeting name or jurisdiction name as entry element FIG Working Week 2010
Number [OBSOLETE] Sydney, Australia
Location of meeting 11-16 April 2010
245 04 - TITLE STATEMENT
Title The best practice for coastal adaptation planning
Remainder of title a surveyor's perspective
Medium [electronic resource]
260 ## - PUBLICATION, DISTRIBUTION, ETC.
Place of publication, distribution, etc. Sydney
Name of publisher, distributor, etc. FIG
Date of publication, distribution, etc. 2010
520 ## - SUMMARY, ETC.
Summary, etc. Compiles 15 sets of concise technical and analytical case studies worldwide, on a range of topics that centre on coastal adaptation planning, climate change and associated sea level rise. It also touches on methodology on valuing un-price and heritage resources in the coastal zone. The case studies are highly focused on problems, methodologies, change processes, results and the lessons learned.
650 24 - SUBJECT ADDED ENTRY--TOPICAL TERM
Topical term or geographic name entry element COASTAL PLANNING
650 24 - SUBJECT ADDED ENTRY--TOPICAL TERM
Topical term or geographic name entry element CLIMATE CHANGE
650 24 - SUBJECT ADDED ENTRY--TOPICAL TERM
Topical term or geographic name entry element SEA LEVEL RISE
651 #4 - SUBJECT ADDED ENTRY--GEOGRAPHIC NAME
Geographic name International
690 ## - LOCAL SUBJECT ADDED ENTRY--TOPICAL TERM (OCLC, RLIN)
Topical term or geographic name as entry element Planning and development
9 (RLIN) 6259
700 1# - ADDED ENTRY--PERSONAL NAME
Personal name Boateng, Isaac
856 40 - ELECTRONIC LOCATION AND ACCESS
Uniform Resource Identifier <a href="https://www.rics.org/Global/Downloads/The_Best_Practice_for_Coastal_Adaption_Planning.pdf">https://www.rics.org/Global/Downloads/The_Best_Practice_for_Coastal_Adaption_Planning.pdf</a>
Public note View the presentation free of charge at www.rics.org
856 40 - ELECTRONIC LOCATION AND ACCESS
Uniform Resource Identifier <a href="https://www.fig.net/fig2010/">https://www.fig.net/fig2010/</a>
Public note View the item free of charge at www.fig.net
942 ## - ADDED ENTRY ELEMENTS (KOHA)
Suppress in OPAC 0
Holdings
Withdrawn status Lost status Source of classification or shelving scheme Damaged status Not for loan Home library Current library Shelving location Date acquired Total Checkouts Full call number Barcode Date last seen Copy number Price effective from Koha item type
    Dewey Decimal Classification     Virtual Virtual Online 21/05/2018   ONLINE PUBLICATION 160079-2001 06/08/2019 1 06/08/2019 Book